000 00374nam a2200157Ia 4500
100 _aYoulu Zheng/ Akhtar S
650 _aNetworks
942 _cBK
366 _f15
654 _anetworks
245 _aNetworks for Computer Scientists and Engineers
260 _bOxford university press
_aMumbai
_c2002
082 _a004.6/YOU
_bYOU
300 _a575
546 _aENGLISH
999 _c29102
_d29102